Statistics for Most-Searched Singers on Wikipedia

Click here to take the quiz!

General Stats

  • This quiz has been taken 688 times
  • The average score is 14 of 30

Answer Stats

#ViewsGenreSinger% Correct
196.3 mPopmMichael Jackson
79%
389.6 mRapmEminem
75%
1453.0 mPopfAdele
74%
963.0 mPopfTaylor Swift
74%
2143.0 mR&BfBeyoncé
70%
483.0 mPopmJustin Bieber
68%
764.6 mR&BfRihanna
66%
2442.0 mPopfAriana Grande
56%
1159.3 mHip-hopmKanye West
55%
2243.0 mPopfMadonna
54%
2939.2 mRapm50 Cent
53%
292.3 mPopfLady Gaga
51%
2342.8 mReggaemBob Marley
50%
1650.0 mRapmJay-Z
49%
1354.6 mPopfKaty Perry
48%
2045.0 mRock and RollmElvis Presley
47%
1255.5 mHip-hopfNicki Minaj
43%
1947.3 mPopfBritney Spears
41%
1060.0 mRapmTupac Shakur
41%
864.0 mPopfSelena Gomez
40%
2542.0 mPop / RockmJohn Lennon
37%
3038.4 mRockmFreddie Mercury
34%
667.7 mPopfMiley Cyrus
32%
1848.3 mGlam rockmDavid Bowie
28%
2740.1 mR&BfMariah Carey
27%
1749.0 mPopmPrince
27%
2840.0 mR&BmBruno Mars
26%
573.8 mRapmLil Wayne
22%
2641.0 mPopfDemi Lovato
17%
1551.0 mRap / BoxingmJohn Cena
3%

Score Distribution

Percentile by Number Answered

Percent of People with Each Score

Your Score History

You have not taken this quiz